| 000 | 00657nam a2200253Ia 4500 | ||
|---|---|---|---|
| 003 | OSt | ||
| 005 | 20220928112544.0 | ||
| 006 | a|||||r|||| 00| 0 | ||
| 007 | ta | ||
| 008 | 220927b |||||||| |||| 00| 0 eng d | ||
| 024 | _a131277 | ||
| 037 | _cTextual | ||
| 040 |
_aSDCL _cSDCL _beng |
||
| 041 |
_2eng _aeng |
||
| 082 | _aZ1, J5.2 | ||
| 100 |
_aOppenheim L. _9428743 |
||
| 245 | 0 |
_aInternational law _b A treatise |
|
| 250 | _a7th | ||
| 260 |
_aLondon _bLongman Group Ltd |
||
| 300 |
_aLiii;941 _ccm. |
||
| 490 | _vV2 : Disputes, war and neutrality | ||
| 942 |
_hZ1, J5.2 _cTEXL _2CC |
||
| 999 |
_c745267 _d745267 |
||